00406nam a2200109Ia 4500082001500000245004900015100007000064942000700134008004100141999001900182952009500201 aLP EF HORO 0aThe house of silk : a Sherlock Holmes novel  a Horowitz, Anthony, New York, 2011 1st ed.Large print. 942607 cBK210817s9999 xx 000 0 und d c144619d144618 00104070aFUNDLbFUNDLd2021-08-18g217.00l0p3322810031124r2021-08-18w2021-08-18yBK